| 000 | 00406nam a2200157Ia 4500 | ||
|---|---|---|---|
| 008 | 230312s9999||||xx |||||||||||||| ||und|| | ||
| 020 | _a978-81-317-1316 | ||
| 082 |
_a428.0075 _bHOP-P |
||
| 100 | _aHopkins Diana | ||
| 245 | 0 | _aPassport to IELTS | |
| 260 |
_bPearson Education _aIndia _c1995 |
||
| 300 | _a164 | ||
| 546 | _aEng. | ||
| 650 |
_aLiterature _vArriving in Britain , Water, Animals |
||
| 942 | _cBK | ||
| 999 |
_c2045 _d2045 |
||